| 000 | 00389nam a22001337u 4500 | ||
|---|---|---|---|
| 008 | 130405s1967 xxu||||| |||| 00| 0 spa d | ||
| 041 | _aspa | ||
| 100 | 1 |
_aTapia Méndez, Aureliano _97649 |
|
| 245 | 0 | 0 |
_aLa patria de Jesucristo _b:Memorias de perigrino _cAureliano Tapia Méndez |
| 260 |
_aMonterrey: _bEdiciones Al Voleo, _c1967 |
||
| 300 |
_a270 p. _c;16 cm. |
||
| 942 | _cBK | ||
| 001 | 91006 | ||
| 999 |
_c248864 _d248864 |
||